000 00594nam a22002057a 4500
999 _c4575
_d4575
003 AR-CdUCM
008 190311b ||||| |||| 00| 0 spa d
040 _aMUNICIPALIDAD PROVINCIAL DEL CUSCO
_cBIBLIOTECA MUNICIPAL DEL CUSCO
082 _a869.56 /
_bH39
100 _aHenderson, Carlos
_912027
245 _aCanciones para mis vecinos /
260 _aLima :
_bHora Zero,
_c1970.
300 _a44 páginas ;
_c17 cm.
500 _aDonación de la familia Nieto
650 _aPerú
_935
650 _aPoesía Peruana
_92266
650 _aSiglo XX
_98
942 _2ddc
_cLIBROS
945 _araen